[Event "AUTO-OPEN-2622"]
[Site "http://www.queenalice.com/game.php?id=1067312"]
[Date "2012.6.2"]
[Round "2"]
[White "Marcos_Dal_Ri"]
[Black "zerruela"]
[Result "0-1"]
[WhiteElo "1678"]
[BlackElo "2097"]

1. d4 e6 2. Nf3 Nf6 3. Nc3 d5 4. Bf4 Bb4 5. e3 Ne4 6. a3 Bxc3+ 7. bxc3 g5 8. Bg3
h5 9. Be5 f6 10. Bxf6 Qxf6 11. c4 g4 12. cxd5 exd5 13. Be2 gxf3 14. Bxf3 Bg4 15.
O-O Nc3 16. Qd3 Bxf3 17. Qxc3 Rg8 18. g3 Qe6 0-1

[Event "AUTO-OPEN-2622"]
[Site "http://www.queenalice.com/game.php?id=1067313"]
[Date "2012.6.2"]
[Round "2"]
[White "zerruela"]
[Black "Marcos_Dal_Ri"]
[Result "1-0"]
[WhiteElo "2129"]
[BlackElo "1678"]

1. c4 e5 2. Nc3 Nf6 3. Nf3 Nc6 4. e3 Bc5 5. Nxe5 O-O 6. d4 Bb4 7. Bd3 Qe8 8.
Nxc6 dxc6 9. O-O Bg4 10. Qb3 a5 11. f3 Bh5 12. a3 Bd6 13. c5 Be7 14. Qxb7 Nd5
15. Nxd5 cxd5 16. Qxc7 Qa4 17. Qxe7 Rfe8 18. Qb7 Rab8 19. Qxd5 Red8 20. Qxh5 g6
21. Qg5 Re8 22. Qd5 Red8 23. Qc4 Qc6 24. b4 axb4 25. axb4 Ra8 26. Be4 Qe8 27.
Rxa8 Rxa8 28. Bxa8 Qxa8 29. c6 1-0

[Event "AUTO-OPEN-2622"]
[Site "http://www.queenalice.com/game.php?id=1067316"]
[Date "2012.6.2"]
[Round "2"]
[White "Miguelname"]
[Black "zerruela"]
[Result "0-1"]
[WhiteElo "2491"]
[BlackElo "2193"]

1. e4 e5 2. Nf3 Nc6 3. Bb5 Nge7 4. O-O g6 5. c3 a6 6. Ba4 Bg7 7. d4 exd4 8. cxd4
O-O 9. d5 b5 10. Bc2 Na5 11. h3 d6 12. Nc3 Re8 13. Qd3 c6 14. dxc6 Be6 15. Qd1
Nexc6 16. a4 b4 17. Nd5 Qb8 18. Bd3 Ne7 19. Nf4 Bb3 20. Bc2 Bxc2 21. Qxc2 Qb7
22. Qd3 Rac8 23. Re1 h6 24. Rb1 Nc4 25. Nd2 Ne5 26. Qe2 b3 0-1

[Event "AUTO-OPEN-2622"]
[Site "http://www.queenalice.com/game.php?id=1067317"]
[Date "2012.6.2"]
[Round "2"]
[White "zerruela"]
[Black "Miguelname"]
[Result "1-0"]
[WhiteElo "2152"]
[BlackElo "2491"]

1. d4 Nf6 2. Bf4 d5 3. e3 e6 4. Nf3 c5 5. Be2 cxd4 6. exd4 Bd6 7. Bxd6 Qxd6 8.
c3 O-O 9. O-O Nc6 10. Nbd2 Bd7 11. Re1 Nh5 12. g3 Nf6 13. Bd3 Rac8 14. a4 Rfe8
15. Ne5 h6 16. a5 Qc7 17. a6 bxa6 18. Rxa6 Rb8 19. b4 Nxe5 20. dxe5 Nh7 21. Qa1
Ra8 22. Nb3 Rec8 23. Re3 Bc6 24. Nd4 Bb7 25. Nb5 Qd7 26. Ra5 Ng5 27. h4 Nh7 28.
Nd6 1-0

[Event "Let's Play Chess!!"]
[Site "http://www.queenalice.com/game.php?id=1068108"]
[Date "2012.6.5"]
[Round "-"]
[White "zerruela"]
[Black "Burkina_Fasso"]
[Result "1-0"]
[WhiteElo "2129"]
[BlackElo "2121"]

1. d4 d5 2. Nf3 Nf6 3. c4 e6 4. Bg5 Be7 5. Nc3 h6 6. Bxf6 Bxf6 7. e3 O-O 8. Qb3
c6 9. Bd3 Qc7 10. O-O Nd7 11. Rac1 Qb6 12. Qc2 1-0

[Event "AUTO-OPEN-2622"]
[Site "http://www.queenalice.com/game.php?id=1105304"]
[Date "2012.9.22"]
[Round "3"]
[White "zerruela"]
[Black "rubenov"]
[Result "1-0"]
[WhiteElo "2256"]
[BlackElo "1923"]

1. c4 e5 2. Nc3 Nf6 3. Nf3 Nc6 4. g3 a6 5. Bg2 Bc5 6. Nxe5 Bxf2+ 7. Kxf2 Nxe5 8.
b3 d6 9. Rf1 O-O 10. Kg1 c6 11. d4 Ng6 12. Bg5 h6 13. Bxf6 gxf6 14. e4 Kg7 15.
Rf2 Bd7 16. Qd2 h5 17. Raf1 h4 18. gxh4 Nxh4 19. Rxf6 Ng6 20. Qg5 b5 21. e5 dxe5
22. Be4 1-0

[Event "AUTO-OPEN-2622"]
[Site "http://www.queenalice.com/game.php?id=1105305"]
[Date "2012.9.22"]
[Round "3"]
[White "rubenov"]
[Black "zerruela"]
[Result "0-1"]
[WhiteElo "1923"]
[BlackElo "2253"]

1. d4 f5 2. Nf3 Nf6 3. Nc3 e6 4. a3 d5 5. h3 c5 6. dxc5 Bxc5 7. e3 a6 8. Ne5 O-O
9. Ne2 Qd6 10. Nd3 Ba7 11. Bd2 Nc6 12. c3 e5 13. Qc2 Na5 14. b3 Be6 15. Ng3 f4
16. exf4 Ne4 17. fxe5 Qe7 18. Nxe4 dxe4 19. Nf4 Nxb3 20. Be3 Bxe3 21. fxe3 Nxa1
0-1

[Event "AUTO-OPEN-2622"]
[Site "http://www.queenalice.com/game.php?id=1105306"]
[Date "2012.9.22"]
[Round "3"]
[White "zerruela"]
[Black "Pagano"]
[Result "1-0"]
[WhiteElo "2241"]
[BlackElo "2082"]

1. d4 d5 2. c4 c6 3. Nf3 Nf6 4. e3 Bg4 5. h3 Bxf3 6. Qxf3 e6 7. Nc3 Nbd7 8. Bd2
Qb6 9. c5 Qc7 10. Bd3 e5 11. Qd1 Be7 12. b4 O-O 13. O-O e4 14. Bc2 Ne8 15. f3 f5
16. fxe4 fxe4 17. Qg4 Ndf6 18. Qe6+ Kh8 19. b5 Qd7 20. Qxd7 Nxd7 21. bxc6 bxc6
22. Ba4 Rc8 23. Nxd5 Bxc5 24. dxc5 1-0

[Event "AUTO-OPEN-2622"]
[Site "http://www.queenalice.com/game.php?id=1105307"]
[Date "2012.9.22"]
[Round "3"]
[White "Pagano"]
[Black "zerruela"]
[Result "0-1"]
[WhiteElo "2059"]
[BlackElo "2230"]

1. e4 Nf6 2. e5 Nd5 3. Nf3 d6 4. exd6 cxd6 5. Bc4 Nb6 6. Bb3 Nc6 7. d4 g6 8. O-O
Bg7 9. d5 Na5 10. c3 O-O 11. Bg5 Qc7 12. Nd4 Nxb3 13. axb3 Nxd5 14. Nb5 Qc5 15.
Qe2 Bd7 16. N1a3 Nxc3 17. Nxc3 Qxg5 18. Rfe1 Bc6 19. f3 Qc5+ 20. Kh1 d5 21. Qxe7
Qb6 22. Qd6 Qxb3 0-1

[Event "CCC"]
[Site "http://www.queenalice.com/game.php?id=1131152"]
[Date "2012.12.14"]
[Round "-"]
[White "jizaias"]
[Black "zerruela"]
[Result "1-0"]
[WhiteElo "2305"]
[BlackElo "2259"]

1. d4 c5 2. d5 Nf6 3. Nc3 g6 4. e4 d6 5. Nf3 Bg7 6. Bb5+ Bd7 7. O-O Bxb5 8. Nxb5
Nxe4 9. Re1 Nf6 10. Qe2 a6 11. Nc3 b5 12. Bg5 Nbd7 13. Rad1 h6 14. Bf4 Nb6 15.
Rd3 b4 16. Ne4 Nxe4 17. Qxe4 Bxb2 18. h3 Qd7 19. Rde3 Kf8 20. Rb1 Bf6 21. c4 Na4
22. Qc2 Nc3 23. Rbe1 Qf5 24. Qxf5 gxf5 25. Bg3 1-0

[Event "AUTO-ELITE-1301"]
[Site "http://www.queenalice.com/game.php?id=1264316"]
[Date "2014.3.12"]
[Round "1"]
[White "zerruela"]
[Black "FabioDavid"]
[Result "1-0"]
[WhiteElo "2270"]
[BlackElo "2528"]

1. c4 e5 2. Nc3 Bb4 3. Nd5 Be7 4. d4 d6 5. e4 exd4 6. Qxd4 Nf6 7. Nf3 O-O 8. Bd3
Nxd5 9. cxd5 Bf6 10. Qc4 Re8 11. O-O Nd7 12. Re1 Nc5 13. Bc2 b6 14. Nd4 a5 15.
Bf4 h6 16. Bg3 h5 17. h3 Qd7 18. Rad1 Bb7 19. a3 a4 20. f4 g6 21. Qb4 Ra5 22.
Qd2 Rf8 23. Bf2 Rd8 24. Nf3 Qe8 25. Bd4 Qe7 26. f5 Bxd4+ 27. Nxd4 Nd7 28. e5
Nxe5 29. fxg6 1-0

[Event "AUTO-ELITE-1301"]
[Site "http://www.queenalice.com/game.php?id=1264317"]
[Date "2014.3.12"]
[Round "1"]
[White "FabioDavid"]
[Black "zerruela"]
[Result "0-1"]
[WhiteElo "2510"]
[BlackElo "2290"]

1. e4 e5 2. Nf3 Nc6 3. Bb5 Nf6 4. O-O Nxe4 5. d4 Nd6 6. Bxc6 dxc6 7. dxe5 Nf5 8.
Qxd8+ Kxd8 9. Rd1+ Ke8 10. Nc3 Ne7 11. h3 Ng6 12. Ne2 Be7 13. Be3 f6 14. exf6
gxf6 15. a4 a6 16. Ng3 h5 17. Re1 Kf7 18. Rad1 h4 19. Ne4 Bf5 20. Nc5 b6 21. Nd4
Bc8 22. Ne4 Bd7 23. Ne2 Bf5 24. f3 Rhg8 25. Nd4 Bd7 26. Ne2 Rad8 27. a5 c5 28.
Kf2 Bc6 29. Rxd8 Rxd8 30. N2c3 Nf8 31. g4 Ne6 32. axb6 cxb6 33. Rd1 Rxd1 34.
Nxd1 b5 35. Bd2 Bf8 36. Be3 c4 37. c3 Bxe4 38. fxe4 Ng5 39. Bxg5 fxg5 40. Kf3
Ke6 41. Ne3 Bd6 0-1

[Event "AUTO-ELITE-1301"]
[Site "http://www.queenalice.com/game.php?id=1264318"]
[Date "2014.3.12"]
[Round "1"]
[White "zerruela"]
[Black "Cevapcic"]
[Result "1-0"]
[WhiteElo "2337"]
[BlackElo "2407"]

1. Nf3 d5 2. b3 c5 3. e3 Nf6 4. Bb2 e6 5. g3 Nc6 6. Bg2 Be7 7. d4 O-O 8. O-O b6
9. c4 cxd4 10. Nxd4 Bb7 11. Nc3 Qd7 12. cxd5 exd5 13. Nce2 Ne4 14. Nxc6 Bxc6 15.
Rc1 Rac8 16. Nf4 f5 17. Qh5 Bd6 18. Rfd1 Bxf4 19. exf4 Bb7 20. Qe2 Rfe8 21. Qd3
Qf7 22. Rxc8 Rxc8 23. Bh3 Qh5 24. Qd4 Rc7 25. Bf1 Qf7 26. Qe5 Nc5 27. b4 Na4 28.
Bd4 Re7 29. Qb8+ Re8 30. Qd6 Re6 31. Qd8+ Re8 32. Qh4 a6 33. Rc1 Qe7 34. Qxe7
Rxe7 35. f3 b5 36. Bd3 Rf7 37. Kf2 Kf8 38. h4 Ke8 39. g4 fxg4 40. Kg3 gxf3 41.
Bxh7 Kf8 42. Bg6 Re7 43. Kxf3 Rd7 44. Bd3 Re7 45. h5 Rd7 46. f5 Rf7 47. f6 1-0

[Event "4"]
[Site "http://www.queenalice.com/game.php?id=1265566"]
[Date "2014.3.16"]
[Round "-"]
[White "zerruela"]
[Black "Apatride"]
[Result "1/2-1/2"]
[WhiteElo "2244"]
[BlackElo "2527"]

1. e4 e5 2. Nf3 Nc6 3. Bc4 Nf6 4. Ng5 d5 5. exd5 Na5 6. Bb5+ c6 7. dxc6 bxc6 8.
Qf3 Be7 9. Bxc6+ Nxc6 10. Qxc6+ Bd7 11. Qc4 O-O 12. Nc3 Rc8 13. Qd3 h6 14. Nge4
Nxe4 15. Qxe4 Bc6 16. Qf5 Bxg2 17. Rg1 Ba8 18. d3 Rc6 19. Bd2 Rf6 20. Qh3 Qc8
21. Qg4 Qxg4 22. Rxg4 Rb8 23. Rb1 a6 24. Be3 Rc6 25. Rc4 Rxc4 26. dxc4 Rc8 27.
b3 Bf3 28. Kd2 Bb4 29. Bb6 Rc6 30. c5 Bxc5 31. Bxc5 Rxc5 32. a4 g5 33. b4 Rc4
34. b5 Rd4+ 35. Kc1 axb5 36. axb5 Kf8 37. b6 Rd8 38. Rb3 Rb8 39. Nd1 g4 40. Ne3
Ke7 41. Nc4 Bd5 42. Nxe5 Kd6 43. Rb5 Kxe5 44. c4 Kd4 45. cxd5 Kc4 46. Rb2 Kxd5
47. Kd2 Kc6 48. Ke3 h5 49. Kf4 Kb7 50. Rb5 Rh8 51. Kg5 Kc6 52. Rb4 Kb7 53. Rb2
Rg8+ 54. Kxh5 f5 55. Kh4 Rh8+ 1/2-1/2

[Event "Amistosa 016"]
[Site "http://www.queenalice.com/game.php?id=1271405"]
[Date "2014.4.11"]
[Round "-"]
[White "zerruela"]
[Black "sergiogvh"]
[Result "1-0"]
[WhiteElo "2255"]
[BlackElo "2352"]

1. b4 e5 2. Bb2 Bxb4 3. Bxe5 f6 4. Bc3 Bc5 5. d4 Be7 6. e4 Nh6 7. Bc4 c6 8. Qh5+
Kf8 9. h3 b5 10. Bb3 a5 11. a4 b4 12. Bd2 d5 13. Bxh6 gxh6 14. exd5 cxd5 15.
Bxd5 Qe8 16. Qxh6# 1-0

[Event "Brazil vs Estonia"]
[Site "http://www.queenalice.com/game.php?id=1336119"]
[Date "2015.1.21"]
[Round "-"]
[White "zerruela"]
[Black "arvo1938"]
[Result "1-0"]
[WhiteElo "2373"]
[BlackElo "2477"]

1. Nf3 d5 2. d4 c5 3. c4 e6 4. cxd5 exd5 5. Nc3 Nc6 6. g3 Nf6 7. Bg2 Be7 8. Bg5
cxd4 9. Nxd4 Qb6 10. e3 Be6 11. O-O O-O 12. Na4 Qa5 13. Bxf6 Bxf6 14. Nxe6 fxe6
15. Rc1 Rfe8 16. a3 Qb5 17. b4 b6 18. Nc3 Bxc3 19. Rxc3 Ne7 20. e4 Rad8 21. Qh5
Qd7 22. Rd1 Rf8 23. Bh3 Qd6 24. Qg4 Rf6 25. Re3 Rg6 26. Qe2 Kf8 27. Bg4 Qc6 28.
b5 Qc7 29. Rf3+ Rf6 30. Rxf6+ gxf6 31. Qd2 Kg7 32. Bxe6 d4 33. Bd5 Qc5 34. a4
Nxd5 35. Qxd4 Qxd4 36. Rxd4 Kg6 37. Rxd5 Re8 38. f3 Re7 39. Rd6 Kf7 40. Rc6 Kg6
41. Kf2 h6 42. g4 Kg5 43. h4+ Kg6 44. Ke3 Kg7 45. f4 1-0

[Event "Estonia vs Brazil"]
[Site "http://www.queenalice.com/game.php?id=1336120"]
[Date "2015.1.21"]
[Round "-"]
[White "arvo1938"]
[Black "zerruela"]
[Result "0-1"]
[WhiteElo "2467"]
[BlackElo "2388"]

1. d4 e6 2. e4 d5 3. Nd2 c5 4. exd5 exd5 5. Bb5+ Bd7 6. Qe2+ Be7 7. Ngf3 Nf6 8.
dxc5 O-O 9. Nb3 a6 10. Bxd7 Nbxd7 11. Be3 Re8 12. O-O Nxc5 13. Rfe1 Nce4 14.
Nfd2 Bd6 15. Nxe4 dxe4 16. Bd4 Be5 17. Bxe5 Rxe5 18. Rad1 Qc7 19. Rd4 Rae8 20.
Qc4 Qb8 21. Qe2 h5 22. Red1 Qc7 23. Rc4 Qe7 24. Rcd4 Qe6 25. c4 h4 26. Qe3 Ng4
27. Qe2 h3 28. g3 Qf5 29. Rf1 Qg6 30. Rc1 e3 31. f4 Re4 32. Re1 Nf2 33. Qc2 Qc6
34. Na5 Qb6 35. Rd5 Qc7 36. Qc3 Rxf4 37. Rg5 f6 38. gxf4 fxg5 39. Rxe3 Ne4 40.
Qd3 Qxf4 41. Qe2 g4 42. c5 Re6 0-1